00670nam a2200217Ia 4500003000900000008004100009020001800050040001600068080001500084100002300099245006800122250001200190260003300202300001800235650003100253650002000284700002400304942000700328999001700335952010000352IN-BaIIA211028s9999 xx 000 0 eng d a81-7286-036-6 cIIA Library a51:53bARF aArfken,G. B920396 0aMathematical methods for physicistscG. B Arfken and H. J Weber a4th ed. aBangalorebPrism Booksc1995 axviii, 1029p. aMathematical physics91525 aMathematics982 aWeber, H. J.920397 cBK c11767d11767 00104070aBANbBANcGENd1996-06-13eLBP l0o51:53/ ARFp12682r2021-11-05w1996-06-13yBK